Undertale Characters in Alphabetical Order - Statistics

General Stats
  • This quiz has been taken 120 times
  • The average score is 28 of 66
Answer Stats
Hint Answer % Correct
Main Character Sans
91%
Main Character Frisk
90%
Main Character Papyrus
90%
Main Character Asriel
88%
Main Character Asgore
87%
Main Character Undyne
87%
Main Character Chara
84%
Main Character Toriel
84%
Main Character Alphys
82%
Main Character Mettaton
72%
Ruins Enemy Froggit
67%
Waterfall Enemy Aaron
63%
Ruins Enemy Napstablook
63%
Waterfall Enemy Temmie
63%
Hotland Enemy Muffet
54%
NPC Monster Kid
52%
Snowdin Enemy Snowdrake
51%
Vendor Burgerpants
49%
Snowdin Enemy Greater Dog
49%
Snowdin Enemy Lesser Dog
49%
Ruins Enemy Dummy
46%
Waterfall Enemy Mad Dummy
46%
Vendor Nice Cream Guy
43%
Miscellaneous Annoying Dog
42%
Hotland Enemy Tsunderplane
42%
Ruins Enemy Whimsun
42%
CORE Enemy Final Froggit
40%
Hotland Enemy So Sorry
40%
Vendor Gerson
39%
Snowdin Enemy Ice Cap
37%
Waterfall Enemy Shyren
37%
Waterfall Enemy Woshua
37%
Vendor Bratty
36%
Snowdin Enemy Dogamy
34%
CORE Enemy Knight Knight
34%
Ruins Enemy Vegetoid
34%
Hotland Enemy Vulkin
34%
CORE Enemy Whimsalot
34%
Snowdin NPC Grillby
33%
CORE Enemy Madjick
33%
Ruins Enemy Moldsmal
33%
Amalgamate Reaper Bird
33%
Snowdin Enemy Chilldrake
31%
Snowdin Enemy Dogaressa
31%
Snowdin Enemy Doggo
31%
Amalgamate Memory Head
31%
CORE Enemy Astigmatism
30%
Vendor Catty
30%
Ruins Enemy Loox
30%
Amalgamate Endogeny
28%
Amalgamate Lemon Bread
28%
Waterfall Enemy Moldbygg
25%
Snowdin Enemy Glyde
24%
Snowdin Enemy Gyftrot
24%
Ruins Enemy Migosp
24%
Hotland Enemy Pyrope
24%
Hotland Enemy Royal Guard 01
24%
Hotland Enemy Royal Guard 02
24%
Snowdin Enemy Jerry
21%
NPC River Person
19%
Waterfall Enemy Glad Dummy
15%
Waterfall NPC Onionsan
15%
Miscellaneous W.D. Gaster
15%
Hard Mode Enemy Moldessa
13%
Waterfall NPC Bob
10%
Hard Mode Enemy Parsnik
10%
No matching quizzes found
Score Distribution
Percent of People with Each Score
Percentile by Number Answered
Your Score History
You have not taken this quiz